Normal view
MARC view
- integrated Circuits analysis and Design
Entry Topical Term
001 - CONTROL NUMBER
- control field: 106199
003 - CONTROL NUMBER IDENTIFIER
- control field: NUST
005 - DATE AND TIME OF LATEST TRANSACTION
- control field: 20221228123930.0
008 - FIXED-LENGTH DATA ELEMENTS
- fixed length control field: 221228|| aca||aabn | a|a d
040 ## - CATALOGING SOURCE
- Original cataloging agency: NUST
- Transcribing agency: NUST
150 ## - HEADING--TOPICAL TERM
- Topical term or geographic name entry element: integrated Circuits analysis and Design
670 ## - SOURCE DATA FOUND
- Source citation: Work cat.: (NUST)193615: Sung- Mo Kang 106198, CMOS Digital integrated Circuits analysis and Design /, 1996
